Estadísticas para Logos de Equipos de la NFL

Haz click aquí para intentar la prueba.

Estadísticas generales

  • Esta prueba ha sido intentada 585 veces
  • La puntuación promedio es 26 de 32

Estadísticas de respuestas

Equipo% Correcto
Dolphins
99%
Patriots
94%
Jaguars
92%
Vikings
92%
Lions
89%
Steelers
89%
Cowboys
88%
Falcons
87%
Packers
87%
Ravens
87%
Eagles
86%
Panthers
83%
Bengals
82%
Broncos
81%
Colts
81%
Buccaneers
80%
Cardinals
80%
Giants
80%
Texans
80%
Titans
78%
Bills
77%
Raiders
77%
Saints
77%
Seahawks
77%
Chiefs
76%
Rams
76%
49ers
73%
Chargers
71%
Jets
71%
Browns
69%
Bears
67%
Redskins
66%

Distribución de puntuación

Porcentaje por número respondido

Porcentaje de gente con cada puntuación

Historial de tus puntuaciones

No has intentado esta prueba.